=LDR 00000nam 2200000 4500 =001 INLIS000000000026201 =005 20130612124646 =008 ***********************************ind** =035 ##$$0010-061300000026201 =041 ##$$a ind =082 ##$$a 371 =090 ##$$a 371, AMI r =100 ##$$a Amin, Choirul =245 ##$$a Refleksi pendidikan menengah umum, Choirul Amin =260 ##$$a 1996 $b Surabaya =300 ##$$a x, 74 hlm., 21 cm =650 ##$$a Pendidikan Menengah Atas =850 ##$$a NBPNMAT